Statistics for Flag Close-Ups - Africa #1

Click here to take the quiz!

General Stats

  • This quiz has been taken 13 times
  • The average score is 11 of 12

Answer Stats

Answer% Correct
Egypt
100%
South Africa
100%
Eswatini
91%
Ethiopia
91%
Liberia
91%
Malawi
91%
Morocco
91%
Seychelles
91%
Tunisia
91%
Uganda
91%
Zambia
91%
Equatorial Guinea
73%

Score Distribution

Percentile by Number Answered

Percent of People with Each Score

Your Score History

You have not taken this quiz